000 00856cam a2200265 a 4500
999 _c9823
_d9823
003 INP
005 20260622095951.0
008 070525s1994 us ak frb 001 0 eng |
020 _a0131259075
040 _aEG-INP
_cEG-INP
_beng
082 0 4 _a658.40
_221
_bj b
100 1 _aDanovan, John J..
245 1 0 _aBusiness Re-engineering with information technology :
_bsustaining your business advantage : an implementation guide /
_cJohn J. Danovan.
260 _aNew Jersey :
_bP T R Prentice Hall Inc.,
_c1994.
300 _a189 P. ;
_c25 cm.
504 _aIncludes bibliographical references and indexes.
650 0 4 _aeconomics.
_9968
650 0 4 _abusiness administration.
_93694
650 0 4 _ainformation technology.
_91754
653 0 _abusiness ingineering.
901 _aEGPV1
902 _aEGPV10
903 _aoriginal
942 _cBK
_2ddc